000 00362 a2200157 4500
003 OSt
005 20180116182723.0
008 160429b xxu||||| |||| 00| 0 eng d
020 _a9812436987
040 _c0
100 _aAlan Cooper
245 _aHow to plan advertising
250 _a2nd
260 _aSingapore
_c2002
942 _aNBS
_cBK
_k659.111 COO
_2ddc
999 _c344747
_d344747